000 00389cam a2200145ua 4500
003 OSt
008 250415b |||||||| |||| 00| 0 eng d
082 _a624.15136
_bSIN/TE
100 _aSinghal, R P .
_91666
245 _aText book of Soil Mechanics and Foundation Engineering /
250 _a1 /
260 _aIndia :
_bSinghal Publications ,
_c1951.
300 _a475 ; .
942 _cBK
999 _c5620
_d5620